000
00283nam a2200109Ia 4500
008
190906s9999||||xx |||||||||||||| ||und||
100
_a
Truss J.K.
245
0
_a
Discrete Mathematics For Computer Scientists
260
_a
New Delhi
_b
Bantam Books Inc
_c
1991
300
_a
565
942
_c
BK
999
_c
6002
_d
6002